<?xml version="1.0" encoding="UTF-8"?><?xml-stylesheet type="text/xsl" href="static/style.xsl"?><OAI-PMH xmlns="http://www.openarchives.org/OAI/2.0/" xmlns:xsi="http://www.w3.org/2001/XMLSchema-instance" xsi:schemaLocation="http://www.openarchives.org/OAI/2.0/ http://www.openarchives.org/OAI/2.0/OAI-PMH.xsd"><responseDate>2026-04-28T21:57:48Z</responseDate><request verb="GetRecord" identifier="oai:uvadoc.uva.es:10324/45906" metadataPrefix="marc">https://uvadoc.uva.es/oai/request</request><GetRecord><record><header><identifier>oai:uvadoc.uva.es:10324/45906</identifier><datestamp>2021-06-23T11:10:50Z</datestamp><setSpec>com_10324_1163</setSpec><setSpec>com_10324_931</setSpec><setSpec>com_10324_894</setSpec><setSpec>col_10324_1327</setSpec></header><metadata><record xmlns="http://www.loc.gov/MARC21/slim" xmlns:doc="http://www.lyncode.com/xoai" xmlns:xsi="http://www.w3.org/2001/XMLSchema-instance" xmlns:dcterms="http://purl.org/dc/terms/" xsi:schemaLocation="http://www.loc.gov/MARC21/slim http://www.loc.gov/standards/marcxml/schema/MARC21slim.xsd">
<leader>00925njm 22002777a 4500</leader>
<datafield tag="042" ind1=" " ind2=" ">
<subfield code="a">dc</subfield>
</datafield>
<datafield tag="720" ind1=" " ind2=" ">
<subfield code="a">Redondo Cantera, María José</subfield>
<subfield code="e">author</subfield>
</datafield>
<datafield tag="260" ind1=" " ind2=" ">
<subfield code="c">2019</subfield>
</datafield>
<datafield tag="520" ind1=" " ind2=" ">
<subfield code="a">Se plantean las relaciones directas o indirectas de la emperatriz Isabel de Portugal con otras reinas y mujeres destacadas, pertenecientes a la casa real española o a la familia los Habsburgo. Los testimonios proporcionados por la correspondencia y por los objetos presentes en los inventarios, a menudo de alto interés artístico, revelan continuos contactos, pese a la distancia, de esa selecta élite femenina. Reinas, gobernadoras y otras damas del entorno del Emperador compartieron el poder y el lujo pero también sufrieron la soledad, la enfermedad y la dolorosa pérdida de algunos de sus miembros infantiles.</subfield>
</datafield>
<datafield tag="024" ind2=" " ind1="8">
<subfield code="a">Sánchez Hernández. María Leticia  (ed.). Mujeres en la corte de los Austrias. Una red social, cultural, religiosa y política. Madrid. Polifemo, p. 155-2202019</subfield>
</datafield>
<datafield tag="024" ind2=" " ind1="8">
<subfield code="a">978-84-16-335-59-6</subfield>
</datafield>
<datafield tag="024" ind2=" " ind1="8">
<subfield code="a">http://uvadoc.uva.es/handle/10324/45906</subfield>
</datafield>
<datafield tag="024" ind2=" " ind1="8">
<subfield code="a">155</subfield>
</datafield>
<datafield tag="024" ind2=" " ind1="8">
<subfield code="a">220</subfield>
</datafield>
<datafield tag="024" ind2=" " ind1="8">
<subfield code="a">Isabel de Portugal. Una emperatriz entre reinas y y otras mujeres de estirpe real</subfield>
</datafield>
<datafield ind1=" " ind2=" " tag="653">
<subfield code="a">Historia de las mujeres</subfield>
</datafield>
<datafield tag="245" ind1="0" ind2="0">
<subfield code="a">Isabel de Portugal. Una emperatriz entre reinas y y otras mujeres de estirpe real</subfield>
</datafield>
</record></metadata></record></GetRecord></OAI-PMH>